<?xml version="1.0" encoding="UTF-8"?>
<record
    xmlns:xsi="http://www.w3.org/2001/XMLSchema-instance"
    xsi:schemaLocation="http://www.loc.gov/MARC21/slim http://www.loc.gov/standards/marcxml/schema/MARC21slim.xsd"
    xmlns="http://www.loc.gov/MARC21/slim">

  <leader>00666nam a2200193Ia 4500</leader>
  <controlfield tag="003">OSt</controlfield>
  <controlfield tag="005">20240509114438.0</controlfield>
  <controlfield tag="008">210210b1974   xxu||||| |||| 00| 0 eng d</controlfield>
  <datafield tag="040" ind1=" " ind2=" ">
    <subfield code="c">AL</subfield>
  </datafield>
  <datafield tag="041" ind1=" " ind2=" ">
    <subfield code="a">Kannada</subfield>
  </datafield>
  <datafield tag="082" ind1=" " ind2=" ">
    <subfield code="a">973K AMER</subfield>
  </datafield>
  <datafield tag="100" ind1=" " ind2=" ">
    <subfield code="a">wood grey &amp; Richard Halfstyatar</subfield>
    <subfield code="9">163880</subfield>
    <subfield code="d">&#xCB5;&#xCC1;&#xCA1;&#xCCD; &#xC97;&#xCCD;&#xCB0;&#xCC7; &amp; &#xCB0;&#xCBF;&#xC9A;&#xCB0;&#xCCD;&#xCA1;&#xCCD; &#xCB9;&#xCBE;&#xCAB;&#xCCD; &#xCB8;&#xCCD;&#xC9F;&#xCCD;&#xCAF;&#xCBE;&#xC9F;&#xCB0;&#xCCD;  </subfield>
  </datafield>
  <datafield tag="245" ind1=" " ind2=" ">
    <subfield code="a">Amerikada charitreya rupareke.</subfield>
    <subfield code="b">&#xC85;&#xCAE;&#xCC7;&#xCB0;&#xCBF;&#xC95;&#xCA6; &#xC9A;&#xCB0;&#xCBF;&#xCA4;&#xCCD;&#xCB0;&#xCC6;&#xCAF; &#xCB0;&#xCC2;&#xCAA;&#xCB0;&#xCC7;&#xC96;&#xCC6;</subfield>
  </datafield>
  <datafield tag="260" ind1=" " ind2=" ">
    <subfield code="a">New Delhi.</subfield>
    <subfield code="b">United States Information Service.,</subfield>
    <subfield code="c">1974</subfield>
  </datafield>
  <datafield tag="300" ind1=" " ind2=" ">
    <subfield code="a">174</subfield>
  </datafield>
  <datafield tag="690" ind1=" " ind2=" ">
    <subfield code="a">American History</subfield>
    <subfield code="9">163881</subfield>
  </datafield>
  <datafield tag="906" ind1=" " ind2=" ">
    <subfield code="a">030868</subfield>
  </datafield>
  <datafield tag="942" ind1=" " ind2=" ">
    <subfield code="2">ddc</subfield>
    <subfield code="c">BK</subfield>
  </datafield>
  <datafield tag="999" ind1=" " ind2=" ">
    <subfield code="c">81930</subfield>
    <subfield code="d">81930</subfield>
  </datafield>
  <datafield tag="952" ind1=" " ind2=" ">
    <subfield code="0">0</subfield>
    <subfield code="1">0</subfield>
    <subfield code="2">ddc</subfield>
    <subfield code="4">0</subfield>
    <subfield code="7">0</subfield>
    <subfield code="8">HIS</subfield>
    <subfield code="a">AL</subfield>
    <subfield code="b">AL</subfield>
    <subfield code="c">SSS</subfield>
    <subfield code="d">2021-02-17</subfield>
    <subfield code="g">0.00</subfield>
    <subfield code="l">0</subfield>
    <subfield code="o">973K AMER</subfield>
    <subfield code="p">030868</subfield>
    <subfield code="r">2021-02-17 00:00:00</subfield>
    <subfield code="w">2021-02-17</subfield>
    <subfield code="y">BK</subfield>
  </datafield>
</record>
